000 00230 a2200097 4500
001 7050
100 _aHusain, A
245 _aTarikh-e-Ibin-e-Khuldoon(Khilafat-e-Bano Abbas)
260 _a
_bNafees Academy
_c
090 _c5820
_d5820
942 _aNUST-CAE
_cM
_c32290
999 _c242123
_d242123